Forest Pocket Book (Record no. 248192)

MARC details
000 -LEADER
fixed length control field 00275pam a2200133 a 4500
020 ## - INTERNATIONAL STANDARD BOOK NUMBER
Terms of availability
041 ## - LANGUAGE CODE
Language code of original
100 ## - MAIN ENTRY--PERSONAL NAME
Personal name S. H. Howard,
Relator term Author.
245 ## - TITLE STATEMENT
Title Forest Pocket Book
Medium Textual Documents
250 ## - EDITION STATEMENT
Edition statement 1st.
260 ## - PUBLICATION, DISTRIBUTION, ETC.
Place of publication, distribution, etc. [s.l]:
Name of publisher, distributor, etc. Nat
300 ## - PHYSICAL DESCRIPTION
Extent 555.
930 ## - EQUIVALENCE OR CROSS-REFERENCE-UNIFORM TITLE HEADING [LOCAL, CANADA]
Uniform title 2341
Holdings
Withdrawn status Lost status Damaged status Not for loan Home library Current library Date acquired Source of acquisition Cost, normal purchase price Total Checkouts Full call number Barcode Date last seen Copy number Price effective from Koha item type
        Institute of Environment Education & Research, Pune Institute of Environment Education & Research, Pune 10/12/2016 Natraj Publisher 396.00   EVP-1943 03/04/2023 1 03/04/2023 Book